Statistics for Movies By 1 Actor and 1 Actress - Adam Sandler Edition

Click here to take the quiz!

General Stats

  • This quiz has been taken 24 times
  • The average score is 13 of 26

Answer Stats

CastMovie% Correct
Drew Barrymore, Sean Astin50 First Dates
90%
Julie Bowen, Carl WeathersHappy Gilmore
90%
Bradley Whitford, Bridgette Wilson SamprasBilly Madison
81%
Chris Rock, Salma HayekGrown Ups
67%
Winona Ryder, John TurturroMr. Deeds
62%
Jennifer Aniston, Luke EvansMurder Mystery
62%
Jack Nicholson, Marisa TomeiAnger Management
57%
Leslie Mann, Rob SchneiderBig Daddy
57%
Christopher Walken, Kate BeckinsaleClick
57%
Selena Gomez, Andy SambergHotel Transylvania
57%
Burt Reynolds, Lauren SanchezThe Longest Yard
57%
Drew Barrymore, Frank SiveroThe Wedding Singer
52%
Patricia Arquette, Harvey KeitelLittle Nicky
48%
LaKeith Stanfield, Pom KlementieffUncut Gems
48%
Brendan Fraser, Amy LocaneAirheads
38%
Keri Russel, Russel BrandBedtime Stories
38%
Julie Bowen, Ray LiottaHubie Halloween
38%
Paz Vega, Ricardo MolinaSpanglish
38%
Seth Rogen, Leslie MannFunny People
33%
Queen Latifah, Robert DuvallHustle
33%
Kevin James, Michelle MonaghanPixels
33%
Emily Watson, Philip Seymour HoffmanPunch Drunk Love
29%
Kevin James, Rosario DawsonZookeeper
29%
Ben Stiller, Emma ThompsonThe Meyerowitz Stories
24%
Melanie Diaz, Steve BuscemiThe Cobbler
19%
Jennifer Hudson, Kevin JamesSandy Wexler
14%

Score Distribution

Percentile by Number Answered

Percent of People with Each Score

Your Score History

You have not taken this quiz